000 00282nam a2200097Ia 4500
008 240331s9999 xx 000 0 und d
082 _bLIY
100 _aLiyanage,K
245 0 _aAan Penn Arasiyal Pirathinithithuvam samamaanatha :
_bpangu muraik kattupadu mattrum payanpadu
942 _cL
999 _c5806
_d5806